00362nam a22001457a 4500003000400000005001700004008004100021020001500062040002900077100001900106245001400125260005400139300000900193650001400202OSt20250723142041.0250723b |||||||| |||| 00| 0 eng d a0618374205 cChuka University Library aBoswell Larson aAlgebra 1 aUnited States of AmericabMcDougal Littellc2004 a846P a1.Algebra